| 000 | 00561nam a22001817a 4500 | ||
|---|---|---|---|
| 999 |
_c177232 _d177232 |
||
| 005 | 20210215164456.0 | ||
| 010 | _aENG-128976 | ||
| 020 |
_c250.00 _a978-81-948200-4-8 |
||
| 035 | _aEN-112508 | ||
| 037 | _bDBAD/PUB | ||
| 082 | _aS | ||
| 100 | _aSingh, Preeti | ||
| 245 |
_aOf Epilepsy Butterflies: Flying Beyond Stigmas/ _cPreeti Singh |
||
| 260 |
_aNew Delhi _bVitasta Publishing Pvt. Ltd. _c2021 |
||
| 270 |
_bNew Delhi _a2/15, Ansari Roaad, Daryaganj _e110002 _minfo@vitastapublishing.com |
||
| 300 |
_axviii+198p. _c22cm(pbk) |
||
| 942 |
_2ddc _cEN _hS _mSIN |
||